| 000 | 00431nam a2200169Ia 4500 | ||
|---|---|---|---|
| 008 | 180424s9999 xx 000 0 und d | ||
| 084 | _a301.2 C4 | ||
| 100 | _a"Cohn, Bernard S" | ||
| 245 | 0 | _aIndia : the Social Anthropology of Civilization | |
| 250 | _a\\197100ENGGPSX | ||
| 260 | _aPrentice Hall | ||
| 260 | _b1971 | ||
| 260 | _cNew Jersey | ||
| 300 | _axi+164p | ||
| 500 | _aincludes index and biblioraphy | ||
| 942 | _cBK | ||
| 999 |
_c32835 _d32835 |
||